Complete the Movie Title (1959) - Statistics

General Stats
  • This quiz has been taken 85 times
  • The average score is 16 of 25
Answer Stats
Hint Answer % Correct
The _____ of Anne Frank Diary
91%
Sleeping _____ Beauty
88%
Journey to the _____ of the Earth Center
86%
_____ on Haunted Hill House
82%
_____ of a Murder Anatomy
81%
The Man Who Could Cheat _____ Death
81%
Suddenly, Last _____ Summer
81%
The Shaggy _____ Dog
79%
The _____ of the Baskervilles Hound
79%
_____ Talk Pillow
79%
The _____ That Roared Mouse
72%
The 39 _____ Steps
72%
_____ of Eternity Edge
63%
The _____’s Story Nun
61%
A Summer _____ Place
61%
_____ of Life Imitation
58%
Operation _____ Petticoat
58%
Up _____ Periscope
53%
Pork Chop _____ Hill
47%
The Angry Red _____ Planet
46%
The _____ People Alligator
44%
_____ from Outer Space Teenagers
40%
The _____ Woman Wasp
39%
The Killer _____ Shrews
23%
Attack of the Giant _____ Leeches
21%
No matching quizzes found
Score Distribution
Percent of People with Each Score
Percentile by Number Answered
Your Score History
You have not taken this quiz